| 000 | 01319nam a2200253 i 4500 | ||
|---|---|---|---|
| 001 | 127697 | ||
| 003 | ES-MaACL | ||
| 005 | 20250829065819.0 | ||
| 007 | t| | ||
| 008 | 070214s1957 sp r ||||1| spa d | ||
| 245 | 0 | 0 |
_aHistoria universal ilustrada / _cdirigida por Eugen-Theodor Rimli ; versión castellana y ampliaciones por Jesús García Tolsa. |
| 260 |
_aBarcelona : _bVergara, _c1957. |
||
| 300 |
_a3 t. : _bil. ; _c27 cm. |
||
| 505 | 8 | _aContiene: Tomo I. De los orígenes a Carlomagno, por el prof. Eduard von Tunk. De Carlomagno a la época de los Otones, por el prof. Albert Renner. Tomo II. De la reforma cluniacense a los orígenes de la E. Moderna por el profesor Albert Renner. De la hegemonia de los Habsburgo a los tratados de Westfalia por el profesor Arthur Mojonnier. De Luis XIV a la 2ª guerra mundial por el profesor Gastón Castilla. Anales de la postguerra (1939-1957) por el profesor Jesús García Tolsa | |
| 650 | 7 |
_aHistoria universal _2embne _913429 |
|
| 700 | 1 |
_aGarcía Tolsá, Jesús _955332 |
|
| 700 | 1 |
_aRimli, Eugen-Theodor. _997245 |
|
| 700 | 1 |
_aCastilla, Gastón. _936645 |
|
| 700 | 1 |
_aMojonnier, Arthur. _981829 |
|
| 700 | 1 |
_aRenner, Albert. _996222 |
|
| 700 | 1 |
_aTunk, Eduard von. _9111677 |
|
| 852 |
_aES-MaACL _jC-14125-7 _bR.41845 |
||
| 999 |
_c127697 _d127697 |
||